| 000 | 00960nam a2200205 i 4500 | ||
|---|---|---|---|
| 001 | 22183 | ||
| 003 | ES-MaACL | ||
| 005 | 20260201164420.0 | ||
| 007 | t| | ||
| 008 | 030131s1878 sp ||||1| spa d | ||
| 100 | 1 |
_aBecerro de Bengoa, Ricardo, _d1845-1902 _926893 |
|
| 245 | 1 | 0 |
_aMemoria acerca de la Exposición Agrícola Provincial de Palencia de 1878 / _credactada por encargo de la Comisión Ejecutiva por Ricardo Becerro Bengoa y Santiago de Palacio y Rugama. |
| 260 |
_aPalencia : _b[s.n.], _c1878 ( _fImprenta y Litografía de Alonso y Z. Menéndez) |
||
| 300 |
_a106, [18] p., [1] h. pleg. : _bil. ; _c26 cm. |
||
| 611 | 0 | 4 |
_aExposición Agrícola Provincial de Palencia _d(1878) _9651 |
| 650 | 1 | 4 |
_aAgricultura- _zPalencia- _vCongresos y asambleas. _99689 |
| 700 | 1 |
_aPalacio y Rugama, Santiago. _988383 |
|
| 852 |
_aES-MaACL _jT-666-F-10 _x.- Enc. hol. conservando la cub. original _z.- Enc. en un vol. facticio |
||
| 999 |
_c22183 _d22183 |
||